00386nam a2200145Ia 4500003000400000005001700004008004100021020001800062040000900080082002200089100003000111245005000141260004000191300000900231OSt20200625113708.0190216s9999||||xx |||||||||||||| ||und|| a9788125005148 coclc a954.035092bAZA/I a Azad, Maulana Abul Kalam 0aIndia Wins Freedom /cMaulana Abul Kalam Azad bOrient Blackswan,c2011.aHyderbad: a283p